| 000 | 00839nam a2200193Ia 4500 | ||
|---|---|---|---|
| 003 | CO-ViMGA | ||
| 008 | 141031s2008 c aobsga d s s | ||
| 020 | _a9789580511120 | ||
| 040 |
_aCO-ViMGA _bspa _cCO-ViMGA |
||
| 082 | 0 | 4 |
_a398.09861 _bG87d |
| 100 | 1 |
_aGuzmán Martínez, Clemencia _912193 |
|
| 245 | 1 | 0 |
_a De los carnavales y otras rumbas : folclor colombiano / _cClemencia Guzmán Martínez |
| 250 | _aPrimera edición | ||
| 260 |
_aBogotá : _bEducar, _c2008. |
||
| 300 |
_a248 páginas _bilustraciones, fotografías y mapas |
||
| 505 | _aOrígenes de nuestro folclor : ¿de dónde viene el danzón? -- Cultura, identidad cultural y algo más -- Por el espinazo andino -- El litoral Atlántico -- El litoral Pacífico -- Llanos Orientales y Amazonia -- En el mar de los siete colores | ||
| 650 | 1 | 4 |
_aCarnavales _zColombia _912194 |
| 942 |
_2ddc _cBK |
||
| 999 |
_c3067 _d3067 |
||